| 000 | 00678nam a22002297a 4500 | ||
|---|---|---|---|
| 003 | NALT | ||
| 005 | 20210714170112.0 | ||
| 008 | s2004 eng d | ||
| 020 | _a9694082196 | ||
| 040 | _aNALT | ||
| 041 | _aeng | ||
| 050 |
_aBP 52 _bM87 |
||
| 245 | 1 | 0 |
_aMuslims and the West : _bencounter and dialogue / _cedited by Zafar Ishaq Ansari, John L. Esposito. |
| 250 | _a2nd ed. | ||
| 260 |
_aIslamabad : _bIslamic Research Institute, _c2004 |
||
| 300 |
_a353 p. ; _c21 cm. |
||
| 650 | 0 |
_a Islam and world politics _953914 _xCongresses |
|
| 700 | 1 |
_aAnsari, Zafar Ishaq. _953915 |
|
| 700 | 1 |
_aEsposito, John L. _953916 |
|
| 850 | _aNALT | ||
| 942 |
_cGB _2lcc |
||
| 999 |
_c40392 _d40392 |
||
| 998 |
_j109 _k อารีรัตน์ วิชาช่าง |
||